[Event "TIPC 2019 Groupe A"]
[Site ""]
[Date "2019.07.27"]
[Round "1.29"]
[White "Dierckens, Sarah"]
[Black "Moreels, Yves"]
[Result "0-1"]
[WhiteElo "1770"]
[BlackElo "2079"]

1. e4 {[%clk 01:30:57]} {[%emt 00:00:02]} Nc6 {[%clk 01:30:49]} {[%emt
00:00:12]} 2. Nf3 {[%clk 01:31:04]} {[%emt 00:00:23]} d5 {[%clk 01:31:12]}
{[%emt 00:00:06]} 3. exd5 {[%clk 01:31:23]} {[%emt 00:00:11]} Qxd5 {[%clk
01:31:33]} {[%emt 00:00:09]} 4. Nc3 {[%clk 01:31:48]} {[%emt 00:00:06]} Qa5
{[%clk 01:31:56]} {[%emt 00:00:06]} 5. Bc4 {[%clk 01:30:36]} {[%emt 00:01:42]}
Nf6 {[%clk 01:32:11]} {[%emt 00:00:15]} 6. h3 {[%clk 01:27:31]} {[%emt
00:03:36]} e5 {[%clk 01:22:00]} {[%emt 00:10:41]} 7. d3 {[%clk 01:23:16]}
{[%emt 00:04:45]} Be7 {[%clk 01:14:21]} {[%emt 00:08:09]} 8. Bd2 {[%clk
01:22:55]} {[%emt 00:00:51]} Qc5 {[%clk 01:14:16]} {[%emt 00:00:34]} 9. Nb5
{[%clk 01:20:13]} {[%emt 00:03:13]} Bd8 {[%clk 01:12:00]} {[%emt 00:02:45]} 10.
O-O {[%clk 01:13:11]} {[%emt 00:07:32]} O-O {[%clk 01:11:16]} {[%emt 00:01:14]}
11. Re1 {[%clk 01:12:43]} {[%emt 00:01:01]} a6 {[%clk 01:09:48]} {[%emt
00:01:56]} 12. Be3 {[%clk 01:10:41]} {[%emt 00:02:33]} Qe7 {[%clk 01:08:42]}
{[%emt 00:01:34]} 13. Nc3 {[%clk 01:10:43]} {[%emt 00:00:28]} b5 {[%clk
00:59:59]} {[%emt 00:09:13]} 14. Bb3 {[%clk 01:09:50]} {[%emt 00:01:23]} Qd6
{[%clk 00:57:26]} {[%emt 00:03:05]} 15. a3 {[%clk 01:08:25]} {[%emt 00:01:55]}
Bb7 {[%clk 00:56:39]} {[%emt 00:01:15]} 16. Ng5 {[%clk 01:06:59]} {[%emt
00:01:56]} Nd4 {[%clk 00:52:04]} {[%emt 00:05:05]} 17. Ba2 {[%clk 01:06:30]}
{[%emt 00:00:59]} c5 {[%clk 00:42:01]} {[%emt 00:10:33]} 18. Nce4 {[%clk
01:05:13]} {[%emt 00:01:48]} Bxe4 {[%clk 00:39:05]} {[%emt 00:03:26]} 19. Nxe4
{[%clk 01:04:43]} {[%emt 00:01:00]} Qc6 {[%clk 00:33:22]} {[%emt 00:06:14]} 20.
c3 {[%clk 00:55:27]} {[%emt 00:09:46]} Nf5 {[%clk 00:33:37]} {[%emt 00:00:14]}
21. Bxc5 {[%clk 00:55:10]} {[%emt 00:00:47]} Nxe4 {[%clk 00:30:34]} {[%emt
00:03:33]} 22. Bxf8 {[%clk 00:53:44]} {[%emt 00:01:56]} Nxf2 {[%clk 00:30:04]}
{[%emt 00:01:00]} 23. Qb3 {[%clk 00:43:22]} {[%emt 00:10:52]} Nxh3+ {[%clk
00:25:11]} {[%emt 00:05:22]} 24. Kh2 {[%clk 00:40:11]} {[%emt 00:03:41]} Ng5
{[%clk 00:25:07]} {[%emt 00:00:33]} 25. Bb4 {[%clk 00:37:26]} {[%emt 00:03:17]}
Bb6 {[%clk 00:22:07]} {[%emt 00:03:30]} 26. d4 {[%clk 00:30:51]} {[%emt
00:07:05]} Qh6+ {[%clk 00:19:25]} {[%emt 00:03:11]} 27. Kg1 {[%clk 00:31:16]}
{[%emt 00:00:06]} exd4 {[%clk 00:17:33]} {[%emt 00:02:21]} 28. cxd4 {[%clk
00:30:20]} {[%emt 00:01:26]} Bxd4+ {[%clk 00:17:47]} {[%emt 00:00:16]} 29. Kf1
{[%clk 00:30:44]} {[%emt 00:00:05]} Rd8 {[%clk 00:11:48]} {[%emt 00:06:29]} 30.
Bd2 {[%clk 00:26:58]} {[%emt 00:04:17]} Qh1+ {[%clk 00:09:31]} {[%emt
00:02:46]} 31. Ke2 {[%clk 00:27:22]} {[%emt 00:00:07]} Qh5+ {[%clk 00:09:53]}
{[%emt 00:00:07]} 32. Kf1 {[%clk 00:26:10]} {[%emt 00:01:43]} Qh1+ {[%clk
00:09:11]} {[%emt 00:01:11]} 33. Ke2 {[%clk 00:26:35]} {[%emt 00:00:05]} Qh5+
{[%clk 00:09:27]} {[%emt 00:00:14]} 34. Kf1 {[%clk 00:26:58]} {[%emt 00:00:07]}
Qh4 {[%clk 00:09:08]} {[%emt 00:00:49]} 35. Be3 {[%clk 00:16:59]} {[%emt
00:10:30]} Ng3+ {[%clk 00:08:03]} {[%emt 00:01:34]} 36. Kg1 {[%clk 00:16:18]}
{[%emt 00:01:11]} Qh1+ {[%clk 00:08:21]} {[%emt 00:00:12]} 37. Kf2 {[%clk
00:16:44]} {[%emt 00:00:05]} N5e4+ {[%clk 00:08:43]} {[%emt 00:00:07]} 38. Kf3
{[%clk 00:17:00]} {[%emt 00:00:15]} Qh5+ {[%clk 00:09:01]} {[%emt 00:00:11]}
0-1

[Event "TIPC 2019 Groupe A"]
[Site ""]
[Date "2019.07.27"]
[Round "1.18"]
[White "Van Malder, Dries"]
[Black "Ramacker, Quinten"]
[Result "1/2-1/2"]
[WhiteElo "2178"]
[BlackElo "2006"]


1. e4 {[%clk 01:30:56]} {[%emt 00:00:02]} c5 {[%clk 01:30:38]} {[%emt
00:00:23]} 2. Nf3 {[%clk 01:31:18]} {[%emt 00:00:09]} e6 {[%clk 01:30:44]}
{[%emt 00:00:24]} 3. c3 {[%emt 00:01:56]} Nf6 {[%emt 00:04:33]} 4. e5 {[%clk
01:25:25]} {[%emt 00:02:25]} Nd5 {[%clk 01:28:14]} {[%emt 00:01:27]} 5. d4
{[%clk 01:25:45]} {[%emt 00:00:11]} cxd4 {[%clk 01:24:48]} {[%emt 00:03:55]} 6.
cxd4 {[%clk 01:25:28]} {[%emt 00:00:48]} d6 {[%clk 01:24:49]} {[%emt 00:00:29]}
7. Bd3 {[%clk 01:23:21]} {[%emt 00:02:37]} Nd7 {[%emt 00:02:46]} 8. O-O {[%clk
01:21:19]} {[%emt 00:00:52]} dxe5 {[%clk 01:20:50]} {[%emt 00:03:53]} 9. dxe5
{[%clk 01:20:26]} {[%emt 00:01:23]} Nc5 {[%emt 00:14:31]} 10. Bc4 {[%clk
01:04:58]} {[%emt 00:03:06]} Be7 {[%clk 01:15:11]} {[%emt 00:05:00]} 11. Bxd5
{[%clk 01:02:46]} {[%emt 00:02:42]} Qxd5 {[%clk 01:09:44]} {[%emt 00:05:59]} 12.
Qxd5 {[%clk 01:01:13]} {[%emt 00:02:01]} exd5 {[%clk 01:10:06]} {[%emt
00:00:07]} 13. Nc3 {[%clk 01:01:30]} {[%emt 00:00:14]} Be6 {[%clk 01:09:20]}
{[%emt 00:01:16]} 14. Bg5 {[%clk 00:58:50]} {[%emt 00:03:10]} Rc8 {[%emt
00:40:37]} 15. Bxe7 {[%clk 00:41:14]} {[%emt 00:00:03]} Kxe7 {[%clk 00:47:43]}
{[%emt 00:00:03]} 16. Rfd1 {[%clk 00:40:30]} {[%emt 00:01:17]} Rhd8 {[%clk
00:46:36]} {[%emt 00:01:36]} 17. Rd4 {[%clk 00:39:06]} {[%emt 00:01:53]} b6
{[%emt 00:20:23]} 18. h3 {[%emt 00:04:09]} Ne4 {[%emt 00:01:56]} 19. Nxe4
{[%clk 00:28:21]} {[%emt 00:00:05]} dxe4 {[%clk 00:33:14]} {[%emt 00:00:05]} 20.
Rxe4 {[%clk 00:28:37]} {[%emt 00:00:14]} Rc2 {[%emt 00:04:29]} 21. Nd4 {[%emt
00:10:10]} Rc7 {[%emt 00:05:38]} 22. a3 {[%emt 00:02:35]} g6 {[%emt 00:07:16]}
23. Nxe6 {[%clk 00:13:17]} {[%emt 00:00:08]} Kxe6 {[%clk 00:21:23]} {[%emt
00:00:24]} 24. Rae1 {[%emt 00:01:01]} Rd2 {[%emt 00:00:47]} 25. R1e2 {[%emt
00:01:16]} Rc1+ {[%clk 00:20:26]} {[%emt 00:00:02]} 26. Kh2 {[%clk 00:13:30]}
{[%emt 00:00:07]} Rcc2 {[%clk 00:20:50]} {[%emt 00:00:07]} 27. Rxd2 {[%clk
00:13:25]} {[%emt 00:00:35]} Rxd2 {[%emt 00:03:43]} 28. f4 {[%clk 00:09:55]}
{[%emt 00:00:17]} Rxb2 {[%emt 00:03:56]} 29. Rd4 {[%emt 00:02:11]} Rb3 {[%emt
00:01:20]} 30. a4 {[%emt 00:03:08]} a5 {[%emt 00:01:42]} 31. g4 {[%emt
00:00:24]} Rb4 {[%clk 00:16:30]} {[%emt 00:00:02]} 32. Rd6+ {[%emt 00:00:31]}
Ke7 {[%clk 00:16:04]} {[%emt 00:00:31]} 33. Kg3 {[%emt 00:02:34]} h6 {[%emt
00:00:15]} 34. Kf3 {[%clk 00:04:52]} {[%emt 00:01:33]} Rxa4 {[%clk 00:14:18]}
{[%emt 00:00:29]} 35. Rxb6 {[%emt 00:00:38]} Rb4 {[%emt 00:01:00]} 36. Ra6
{[%emt 00:03:38]} a4 {[%emt 00:03:07]} 37. f5 {[%emt 00:03:27]} gxf5 {[%clk
00:06:21]} {[%emt 00:00:54]} 38. gxf5 {[%clk 00:03:27]} {[%emt 00:00:07]} Rh4
{[%emt 00:01:40]} 39. Ra7+ {[%emt 00:00:48]} Kf8 {[%emt 00:00:46]} 40. Kg3
{[%emt 00:01:32]} Re4 {[%clk 00:03:32]} {[%emt 00:02:02]} 1/2-1/2

[Event "TIPC 2019 Groupe A"]
[Site ""]
[Date "2019.07.27"]
[Round "1.17"]
[White "Bruno, Ricardo"]
[Black "Decrop, Benjamin"]
[Result "1/2-1/2"]
[WhiteElo "2007"]
[BlackElo "2183"]


1. e4 {[%clk 01:30:56]} {[%emt 00:00:02]} c5 {[%clk 01:30:58]} {[%emt
00:00:04]} 2. Nf3 {[%clk 01:31:18]} {[%emt 00:00:08]} e6 {[%clk 01:31:18]}
{[%emt 00:00:10]} 3. d3 {[%clk 01:31:23]} {[%emt 00:00:25]} Nc6 {[%clk
01:31:41]} {[%emt 00:00:07]} 4. g3 {[%clk 01:31:47]} {[%emt 00:00:05]} Nf6
{[%clk 01:32:07]} {[%emt 00:00:04]} 5. Bg2 {[%clk 01:32:06]} {[%emt 00:00:11]}
Be7 {[%clk 01:32:32]} {[%emt 00:00:05]} 6. O-O {[%clk 01:32:25]} {[%emt
00:00:11]} O-O {[%clk 01:32:57]} {[%emt 00:00:06]} 7. Nbd2 {[%clk 01:32:25]}
{[%emt 00:00:30]} d5 {[%clk 01:33:16]} {[%emt 00:00:11]} 8. Re1 {[%clk
01:32:19]} {[%emt 00:00:35]} Qc7 {[%clk 01:33:35]} {[%emt 00:00:12]} 9. e5
{[%clk 01:30:59]} {[%emt 00:01:50]} Nd7 {[%clk 01:33:40]} {[%emt 00:00:24]} 10.
Qe2 {[%clk 01:31:22]} {[%emt 00:00:08]} b5 {[%clk 01:33:59]} {[%emt 00:00:11]}
11. Nf1 {[%clk 01:31:05]} {[%emt 00:00:46]} Bb7 {[%clk 01:34:21]} {[%emt
00:00:09]} 12. Bf4 {[%clk 01:30:53]} {[%emt 00:00:42]} Rfc8 {[%clk 01:34:41]}
{[%emt 00:00:10]} 13. h4 {[%clk 01:26:07]} {[%emt 00:05:15]} a5 {[%clk
01:32:49]} {[%emt 00:02:23]} 14. N1h2 {[%clk 01:24:42]} {[%emt 00:01:54]} Qd8
{[%clk 01:30:50]} {[%emt 00:02:29]} 15. h5 {[%clk 01:20:15]} {[%emt 00:04:57]}
h6 {[%clk 01:30:55]} {[%emt 00:00:25]} 16. Ng4 {[%clk 01:20:22]} {[%emt
00:00:23]} Bf8 {[%clk 01:31:18]} {[%emt 00:00:07]} 17. Qd2 {[%clk 01:17:20]}
{[%emt 00:03:32]} b4 {[%clk 01:24:13]} {[%emt 00:07:35]} 18. c3 {[%clk
00:58:00]} {[%emt 00:19:51]} a4 {[%clk 01:18:24]} {[%emt 00:06:19]} 19. c4
{[%clk 00:55:18]} {[%emt 00:03:12]} dxc4 {[%clk 01:04:11]} {[%emt 00:14:43]} 20.
dxc4 {[%clk 00:55:37]} {[%emt 00:00:10]} Nb6 {[%clk 01:04:15]} {[%emt
00:00:27]} 21. Bxh6 {[%clk 00:49:12]} {[%emt 00:06:55]} Qxd2 {[%clk 01:00:43]}
{[%emt 00:04:01]} 22. Bxd2 {[%clk 00:49:29]} {[%emt 00:00:12]} Nxc4 {[%clk
01:01:03]} {[%emt 00:00:11]} 23. Bc1 {[%clk 00:49:29]} {[%emt 00:00:30]} a3
{[%clk 00:49:53]} {[%emt 00:11:40]} 24. b3 {[%clk 00:48:34]} {[%emt 00:01:25]}
Nb2 {[%clk 00:50:16]} {[%emt 00:00:09]} 25. Be3 {[%clk 00:47:09]} {[%emt
00:01:53]} Ne7 {[%clk 00:48:07]} {[%emt 00:02:39]} 26. h6 {[%clk 00:45:20]}
{[%emt 00:02:19]} Nf5 {[%clk 00:45:39]} {[%emt 00:02:57]} 27. hxg7 {[%clk
00:44:41]} {[%emt 00:01:10]} Bxg7 {[%clk 00:45:20]} {[%emt 00:00:49]} 28. Bg5
{[%clk 00:43:26]} {[%emt 00:01:45]} Ra7 {[%clk 00:41:14]} {[%emt 00:04:37]} 29.
Nf6+ {[%clk 00:43:00]} {[%emt 00:00:55]} Kf8 {[%clk 00:41:04]} {[%emt
00:00:40]} 30. g4 {[%clk 00:38:58]} {[%emt 00:04:32]} Nh6 {[%clk 00:36:31]}
{[%emt 00:05:04]} 31. Bxh6 {[%clk 00:39:04]} {[%emt 00:00:24]} Bxh6 {[%clk
00:36:52]} {[%emt 00:00:09]} 32. g5 {[%clk 00:39:31]} {[%emt 00:00:01]} Bg7
{[%clk 00:35:48]} {[%emt 00:01:35]} 33. Kh2 {[%clk 00:36:20]} {[%emt 00:03:42]}
Ke7 {[%clk 00:18:26]} {[%emt 00:17:52]} 34. Kg3 {[%clk 00:36:37]} {[%emt
00:00:11]} Bxf3 {[%clk 00:14:33]} {[%emt 00:04:24]} 35. Bxf3 {[%clk 00:36:41]}
{[%emt 00:00:26]} Bxf6 {[%clk 00:13:45]} {[%emt 00:01:18]} 36. exf6+ {[%clk
00:36:19]} {[%emt 00:00:52]} Kd6 {[%clk 00:13:47]} {[%emt 00:00:28]} 37. Be4
{[%clk 00:36:15]} {[%emt 00:00:33]} c4 {[%clk 00:13:44]} {[%emt 00:00:34]} 38.
bxc4 {[%clk 00:36:26]} {[%emt 00:00:20]} Rac7 {[%clk 00:12:22]} {[%emt
00:01:51]} 39. f4 {[%clk 00:35:46]} {[%emt 00:01:10]} Rxc4 {[%clk 00:12:20]}
{[%emt 00:00:32]} 40. Re3 {[%clk 00:34:25]} {[%emt 00:01:51]} Rd4 {[%clk
00:12:07]} {[%emt 00:00:43]} 41. f5 {[%clk 00:33:33]} {[%emt 00:01:22]} Nc4
{[%clk 00:24:29]} {[%emt 00:18:08]} 42. Rd3 {[%clk 00:57:47]} {[%emt 00:06:16]}
Rxd3+ {[%clk 00:24:28]} {[%emt 00:00:31]} 43. Bxd3 {[%clk 00:58:12]} {[%emt
00:00:05]} exf5 {[%clk 00:24:12]} {[%emt 00:00:47]} 44. Bxf5 {[%clk 00:57:33]}
{[%emt 00:01:09]} Rc5 {[%clk 00:22:06]} {[%emt 00:02:35]} 45. Kf4 {[%clk
00:57:22]} {[%emt 00:00:40]} Ne3 {[%clk 00:20:08]} {[%emt 00:02:30]} 46. Be4
{[%clk 00:53:54]} {[%emt 00:03:55]} Nd5+ {[%clk 00:19:57]} {[%emt 00:00:43]} 47.
Bxd5 {[%clk 00:50:46]} {[%emt 00:03:38]} Rxd5 {[%clk 00:20:20]} {[%emt
00:00:06]} 48. Rb1 {[%clk 00:48:46]} {[%emt 00:02:30]} 1/2-1/2

[Event "TIPC 2019 Groupe A"]
[Site ""]
[Date "2019.07.27"]
[Round "1.29"]
[White "Denivet, Axel"]
[Black "Van Droogenbroeck, Marc"]
[Result "1/2-1/2"]
[WhiteElo "1932"]
[BlackElo "2114"]


1. e4 {[%clk 01:30:52]} {[%emt 00:00:07]} Nf6 {[%clk 01:30:55]} {[%emt
00:00:06]} 2. Nc3 {[%clk 01:30:22]} {[%emt 00:01:00]} d5 {[%clk 01:30:49]}
{[%emt 00:00:36]} 3. e5 {[%clk 01:29:08]} {[%emt 00:01:44]} d4 {[%clk
01:31:08]} {[%emt 00:00:11]} 4. exf6 {[%clk 01:28:45]} {[%emt 00:00:52]} dxc3
{[%clk 01:31:32]} {[%emt 00:00:07]} 5. bxc3 {[%clk 01:27:17]} {[%emt 00:01:57]}
exf6 {[%clk 01:31:23]} {[%emt 00:00:40]} 6. d4 {[%clk 01:25:51]} {[%emt
00:01:55]} Be7 {[%clk 01:29:45]} {[%emt 00:02:08]} 7. Nf3 {[%clk 01:23:19]}
{[%emt 00:03:02]} O-O {[%clk 01:29:26]} {[%emt 00:00:49]} 8. Bd3 {[%clk
01:21:50]} {[%emt 00:01:58]} b6 {[%clk 01:26:13]} {[%emt 00:03:43]} 9. O-O
{[%clk 01:19:40]} {[%emt 00:02:39]} Bb7 {[%clk 01:21:49]} {[%emt 00:04:56]} 10.
Re1 {[%clk 01:17:54]} {[%emt 00:02:15]} Nc6 {[%clk 01:13:36]} {[%emt 00:08:44]}
11. Nh4 {[%clk 01:09:33]} {[%emt 00:08:50]} g6 {[%clk 01:11:23]} {[%emt
00:02:44]} 12. Bh6 {[%clk 01:00:21]} {[%emt 00:09:41]} f5 {[%clk 00:52:29]}
{[%emt 00:19:25]} 13. Nxf5 {[%clk 00:51:18]} {[%emt 00:09:32]} Bg5 {[%clk
00:45:35]} {[%emt 00:07:24]} 14. d5 {[%clk 00:43:12]} {[%emt 00:08:38]} Na5
{[%clk 00:44:32]} {[%emt 00:01:32]} 15. Qg4 {[%clk 00:38:12]} {[%emt 00:05:28]}
Bxh6 {[%clk 00:43:44]} {[%emt 00:01:19]} 16. Nxh6+ {[%clk 00:38:09]} {[%emt
00:00:32]} Kg7 {[%clk 00:43:52]} {[%emt 00:00:23]} 17. Nf5+ {[%clk 00:36:08]}
{[%emt 00:02:31]} Kh8 {[%clk 00:43:37]} {[%emt 00:00:45]} 18. Qd4+ {[%clk
00:32:57]} {[%emt 00:03:41]} f6 {[%clk 00:44:05]} {[%emt 00:00:03]} 19. Ne7
{[%clk 00:29:59]} {[%emt 00:03:27]} Rf7 {[%clk 00:33:17]} {[%emt 00:11:19]} 20.
Qe4 {[%clk 00:26:48]} {[%emt 00:03:40]} Qd6 {[%clk 00:30:21]} {[%emt 00:03:26]}
21. Re3 {[%clk 00:21:12]} {[%emt 00:06:06]} f5 {[%clk 00:26:19]} {[%emt
00:04:33]} 22. Qd4+ {[%clk 00:19:31]} {[%emt 00:02:10]} Qf6 {[%clk 00:25:24]}
{[%emt 00:01:25]} 23. Qxf6+ {[%clk 00:18:34]} {[%emt 00:01:27]} Rxf6 {[%clk
00:25:53]} {[%emt 00:00:02]} 24. Rae1 {[%clk 00:16:06]} {[%emt 00:02:57]} a6
{[%clk 00:23:00]} {[%emt 00:03:24]} 25. c4 {[%clk 00:15:37]} {[%emt 00:00:59]}
Kg7 {[%clk 00:21:13]} {[%emt 00:02:18]} 26. h3 {[%clk 00:13:46]} {[%emt
00:02:21]} Rd8 {[%clk 00:17:48]} {[%emt 00:03:55]} 27. g4 {[%clk 00:11:52]}
{[%emt 00:02:25]} fxg4 {[%clk 00:12:17]} {[%emt 00:06:01]} 28. hxg4 {[%clk
00:12:11]} {[%emt 00:00:11]} Rd7 {[%clk 00:08:59]} {[%emt 00:03:48]} 29. g5
{[%clk 00:07:28]} {[%emt 00:05:12]} Rf7 {[%clk 00:08:34]} {[%emt 00:00:56]} 30.
Re6 {[%clk 00:07:23]} {[%emt 00:00:35]} Rf4 {[%clk 00:06:42]} {[%emt 00:02:22]}
31. R1e5 {[%clk 00:06:57]} {[%emt 00:00:56]} Nxc4 {[%clk 00:05:26]} {[%emt
00:01:47]} 32. Bxc4 {[%clk 00:03:58]} {[%emt 00:03:29]} Rxc4 {[%clk 00:05:53]}
{[%emt 00:00:03]} 33. Nc6 {[%clk 00:04:08]} {[%emt 00:00:19]} Bxc6 {[%clk
00:03:23]} {[%emt 00:03:00]} 34. dxc6 {[%clk 00:03:37]} {[%emt 00:01:00]} Rf7
{[%clk 00:03:25]} {[%emt 00:00:28]} 35. Rd5 {[%clk 00:03:46]} {[%emt 00:00:21]}
Rxc2 {[%clk 00:02:35]} {[%emt 00:01:20]} 36. Rd7 {[%clk 00:02:14]} {[%emt
00:02:02]} Rcxf2 {[%clk 00:02:41]} {[%emt 00:00:23]} 37. Ree7 {[%clk 00:02:12]}
{[%emt 00:00:32]} Kf8 {[%clk 00:01:31]} {[%emt 00:01:41]} 38. Re1 {[%clk
00:01:36]} {[%emt 00:01:05]} Rc2 {[%clk 00:01:01]} {[%emt 00:00:59]} 39. Rd8+
{[%clk 00:01:02]} {[%emt 00:01:05]} Kg7 {[%clk 00:01:24]} {[%emt 00:00:08]} 40.
Ree8 {[%clk 00:01:23]} {[%emt 00:00:09]} Rc1+ {[%clk 00:01:43]} {[%emt
00:00:11]} 1/2-1/2

[ePGN "0.1;DGT LiveChess/2.2.4"]

[Event "TIPC 2019 Groupe A"]
[Site ""]
[Date "2019.07.28"]
[Round "2.8"]
[White "Narmin, Soyunlu"]
[Black "Klinova, Masha"]
[Result "0-1"]
[BlackTitle "WGM"]
[WhiteElo "2099"]
[BlackElo "2269"]

1. g3 {[%clk 01:28:36]} {[%emt 00:02:23]} g6 {[%clk 01:30:16]} {[%emt
00:00:45]} 2. Bg2 {[%clk 01:28:48]} {[%emt 00:00:19]} Bg7 {[%clk 01:30:41]}
{[%emt 00:00:05]} 3. c4 {[%clk 01:28:44]} {[%emt 00:00:34]} e5 {[%clk
01:30:50]} {[%emt 00:00:21]} 4. Nc3 {[%clk 01:29:03]} {[%emt 00:00:11]} Nc6
{[%clk 01:31:15]} {[%emt 00:00:05]} 5. e3 {[%clk 01:23:57]} {[%emt 00:05:35]}
d6 {[%clk 01:30:48]} {[%emt 00:00:57]} 6. Nge2 {[%clk 01:24:03]} {[%emt
00:00:24]} f5 {[%clk 01:30:16]} {[%emt 00:01:03]} 7. d4 {[%clk 01:16:24]}
{[%emt 00:10:24]} Nf6 {[%clk 01:30:10]} 8. O-O {[%clk 01:11:49]} {[%emt
00:05:46]} O-O {[%clk 01:30:26]} 9. b3 {[%clk 01:08:09]} {[%emt 01:22:48]} e4
{[%clk 01:24:24]} 10. f3 {[%clk 01:02:26]} exf3 {[%clk 01:20:42]} 11. Bxf3
{[%clk 01:02:38]} Bd7 {[%clk 01:18:18]} 12. Nf4 {[%clk 01:00:27]} Rb8 {[%clk
01:17:14]} 13. a3 {[%clk 00:49:51]} Ne7 {[%clk 01:13:09]} 14. Bb2 {[%clk
00:43:21]} g5 {[%clk 01:08:52]} 15. Nd3 {[%clk 00:33:30]} Ng6 {[%clk 01:07:10]}
16. e4 {[%clk 00:27:53]} fxe4 {[%clk 01:02:07]} 17. Nxe4 {[%clk 00:28:13]} Nxe4
{[%clk 01:01:45]} 18. Bxe4 {[%clk 00:28:33]} Qe7 {[%clk 01:01:34]} 19. Bd5+
{[%clk 00:26:45]} {[%emt 00:00:09]} Kh8 {[%clk 00:56:36]} {[%emt 00:04:50]} 20.
Qd2 {[%clk 00:25:30]} {[%emt 00:01:45]} c6 {[%clk 00:51:38]} {[%emt 00:05:29]}
21. Rfe1 {[%clk 00:23:25]} {[%emt 00:02:35]} Qd8 {[%clk 00:49:21]} {[%emt
00:02:46]} 22. Be6 {[%clk 00:18:49]} {[%emt 00:05:07]} Bxe6 {[%clk 00:44:51]}
{[%emt 00:05:00]} 23. Rxe6 {[%clk 00:19:17]} {[%emt 00:00:01]} d5 {[%clk
00:45:13]} {[%emt 00:00:08]} 24. Nc5 {[%clk 00:12:31]} {[%emt 00:07:16]} b6
{[%clk 00:41:33]} {[%emt 00:04:09]} 25. Rxg6 {[%clk 00:07:42]} {[%emt
00:05:20]} hxg6 {[%clk 00:40:38]} {[%emt 00:01:25]} 26. Ne6 {[%clk 00:08:09]}
{[%emt 00:00:03]} Qf6 {[%clk 00:40:48]} {[%emt 00:00:19]} 27. Nxf8 {[%clk
00:08:18]} {[%emt 00:00:22]} Rxf8 {[%clk 00:41:12]} {[%emt 00:00:06]} 28. cxd5
{[%clk 00:04:41]} {[%emt 00:04:08]} cxd5 {[%clk 00:41:07]} {[%emt 00:00:35]} 29.
Qe2 {[%clk 00:03:44]} {[%emt 00:01:21]} Qf3 {[%clk 00:39:15]} {[%emt 00:02:26]}
30. Qc2 {[%clk 00:00:34]} {[%emt 00:03:42]} Qe3+ {[%clk 00:27:07]} {[%emt
00:12:37]} 31. Kg2 {[%clk 00:01:03]} {[%emt 00:00:01]} Qf3+ {[%clk 00:24:24]}
{[%emt 00:03:13]} 32. Kg1 {[%clk 00:01:30]} {[%emt 00:00:04]} g4 {[%clk
00:24:27]} {[%emt 00:00:26]} 33. Re1 {[%clk 00:00:42]} {[%emt 00:01:18]} Bh6
{[%clk 00:24:23]} {[%emt 00:00:33]} 34. Bc1 {[%clk 00:00:48]} {[%emt 00:00:25]}
Bg7 {[%clk 00:22:38]} {[%emt 00:02:15]} 35. Bb2 {[%clk 00:01:15]} {[%emt
00:00:03]} Kh7 {[%clk 00:22:31]} {[%emt 00:00:36]} 36. b4 {[%clk 00:00:36]}
{[%emt 00:01:11]} b5 {[%clk 00:22:30]} {[%emt 00:00:31]} 37. Qe2 {[%clk
00:30:00]} {[%emt 00:00:36]} 0-1